Nuevos estudios literarios

Sparad:
Bibliografiska uppgifter
Huvudupphovsman: Beuve-Sainte, M (Författare, medförfattare)
Materialtyp: Bok
Språk:spanska
Publicerad: Santiago Ercilla 1939
Serie:Excelsior, 135
Ämnen:
Taggar: Lägg till en tagg
Inga taggar, Lägg till första taggen!

MARC

LEADER 00000cam a2200000 a 4500
001 UCE1394
003 CL-VaPUC
008 140414e19390000cl |||||||||||||||||spa|d
082 0 4 |a 840.09  |b BEU  |2 21 
100 0 |a Beuve-Sainte, M  |e author  |9 573689 
245 1 0 |a Nuevos estudios literarios 
300 |a 128 h 
942 |c BK 
945 |d 20140414  |a dcastane 
260 |a Santiago  |b Ercilla  |c 1939 
650 0 |a Literatura francesa  |9 266330 
650 0 |a Escritores franceses   |9 450149 
650 0 |a Historia y crítica   |9 257407 
583 |a last modification  |c 20140423 02:59:41  |k Rodrigo Vera 
490 0 |a Excelsior, 135 
999 |c 355182  |d 355180 
952 |0 0  |1 0  |3 erb  |4 0  |6 840_090000000000000_BEU_1939  |7 0  |8 A  |9 461731  |a BIBART  |b BIBART  |i 5043409  |o 840.09 BEU 1939  |p 5043409  |r 2025-03-13  |w 2019-11-23  |y BK  |z Catalogado en:20140414  |k ART